Statistical analyses for language assessment (Record no. 1392475)

MARC details
000 -LEADER
fixed length control field 00683nam a2200229Ia 4500
005 - DATE AND TIME OF LATEST TRANSACTION
control field 20250508165000.0
008 - FIXED-LENGTH DATA ELEMENTS--GENERAL INFORMATION
fixed length control field 008 250505s9999 xx 000 0 eng d
020 ## - INTERNATIONAL STANDARD BOOK NUMBER
International Standard Book Number 978-1-107-40012-2
037 ## - SOURCE OF ACQUISITION
Stock number Textual
040 ## - CATALOGING SOURCE
Original cataloging agency FEDL
Language of cataloging eng
Transcribing agency FEDL
041 ## - LANGUAGE CODE
Language code of text/sound track or separate title eng
Source of code eng
084 ## - COLON CLASSIFICATION NUMBER
Classification number 418.007 1, BAC
Assigning agency FEDL
100 ## - MAIN ENTRY--PERSONAL NAME
Personal name Bachman Lyle F
9 (RLIN) 582571
245 #0 - TITLE STATEMENT
Title Statistical analyses for language assessment
250 ## - EDITION STATEMENT
Edition statement South Asian Edition
260 ## - PUBLICATION, DISTRIBUTION, ETC.
Place of publication, distribution, etc. Delhi, India
Name of publisher, distributor, etc. Cambridge University Press
Date of publication, distribution, etc. 2010
300 ## - PHYSICAL DESCRIPTION
Extent xii,364p
365 ## - TRADE PRICE
Price type code INR
Price amount 375
490 ## - SERIES STATEMENT
Series statement Cambridge Language Assessment Series
942 ## - ADDED ENTRY ELEMENTS (KOHA)
Koha item type Textual
Classification part 418.007 1, BAC
Holdings
Withdrawn status Lost status Damaged status Not for loan Home library Current library Date acquired Cost, normal purchase price Total Checkouts Full call number Barcode Date last seen Price effective from Koha item type
        Department of Education Library Department of Education Library 2025-05-08 375.00   418.007 1, BAC EL0086105 2025-05-08 2025-05-08 Textual
Copyright @ Delhi University Library System